States That Border New York Quiz Stats

 Plays Quiz Updated Sep 13, 2017

Challenge
Share
Tweet
Embed
Score 0/5 Timer 01:30
10 Plays Today
% Correct
New Jersey
95.9%
Pennsylvania
93.8%
Vermont
89.8%
Connecticut
88.2%
Massachusetts
80.1%

You're not logged in!

Compare scores with friends on all Sporcle quizzes.
OR
Log In

You Might Also Like...

Show Comments

Extras

Top Quizzes Today


Score Distribution

Your Account Isn't Verified!

In order to create a playlist on Sporcle, you need to verify the email address you used during registration. Go to your Sporcle Settings to finish the process.

Report this User

Report this user for behavior that violates our Community Guidelines.

Details: